| 000 | 00800cab a2200265 4500 | ||
|---|---|---|---|
| 001 | ABS57813 | ||
| 008 | 090401t1997 xxu||||| |||| 00| 0 eng d | ||
| 035 | _a(Sirsi) u81641 | ||
| 041 | _aeng | ||
| 100 | _aBrown, E. | ||
| 245 | _aOpen to new ideas | ||
| 260 | _c1997 | ||
| 350 | _a0 | ||
| 490 |
_aEstates Gazette _v(9740) 4 October 1997, 72-73(2) |
||
| 520 | _aDetails how Drivas Jonas` move to open-plan offices is expected to break down old hierarchical structures and empower their staff. | ||
| 650 | _aDRIVERS JONAS | ||
| 650 | _aOFFICE SPACE | ||
| 650 | _aOPEN-PLAN OFFICES | ||
| 650 | _aPRACTICE MANAGEMENT | ||
| 650 | _aSURVEYING FIRMS | ||
| 650 | _aWORKING PRACTICES | ||
| 690 | _aMANAGEMENT-BUSINESS MANAGEMENT-PROFESSIONAL PRACTICE | ||
| 942 | _n0 | ||
| 948 | _c22/10/1997 | ||
| 999 |
_c51457 _d51457 |
||